World of Warcraft Item Quality Colors - Statistics

General Stats
  • This quiz has been taken 846 times
  • The average score is 6 of 6
Answer Stats
Quality Color % Correct
Rare Blue
100%
Uncommon Green
99%
Legendary Orange
99%
Epic Purple
99%
Common White
97%
Poor Grey
95%
No matching quizzes found
Score Distribution
Percent of People with Each Score
Percentile by Number Answered
Your Score History
You have not taken this quiz